000 00556nam a2200181 a 4500
003 MX-MxUPN
005 20221017122420.0
008 220607t1979 cu |||||r|||| 000 0 spa d
040 _aMX-MxUPN
_bspa
_cMX-MxUPN
041 0 _aspa
050 1 4 _aLB1647 C912
_bC83
110 1 _aCuba.
_bMinisterio de Educación
_928055
245 1 0 _aAstronomía :
_bduodécimo grado : programa
260 _aCiudad de La Habana :
_bEditorial Pueblo y Educación,
_c©1979.
300 _a24 páginas
650 4 _aAstronomía
_xPlanes y programas
_944737
942 _2lcc
_cLIBRO
999 _c208551
_d208551